| 000 | 01009nam a2200289 i 4500 | ||
|---|---|---|---|
| 003 | MX-MxUPN | ||
| 005 | 20251001092848.0 | ||
| 008 | 251001s2023 ck||||||o|||| 000 0 spa d | ||
| 040 |
_aMX-MxUPN _bspa _cMX-MxUPN _eaacr2 |
||
| 041 | 0 | _aspa | |
| 050 | 1 | 4 | _aHD30.2 |
| 100 | 1 |
_aMuñoz, Alejandra _958044 |
|
| 100 | 1 |
_aUrrea Muñoz, Chaneth _958045 |
|
| 100 | 1 |
_aUribe Gómez, Julián _958046 |
|
| 100 | 1 |
_aÁlvarez Estrada, Lina _958047 |
|
| 100 | 1 |
_aCastro Ramírez, Walter _958048 |
|
| 245 | 1 | 0 |
_aAbecé del modelo de gestión del conocimiento y la innovación en el ITM _h[recurso electrónico en línea] |
| 250 | _aPrimera edición. | ||
| 260 |
_aMedellín, Colombia : _bInstitución Universitaria ITM, _c2023. |
||
| 300 |
_a1 recurso en línea (26 páginas) : _bPDF |
||
| 490 | 0 | _aLínea profesoral | |
| 506 | 0 | _aAcceso abierto. | |
| 650 | 4 |
_aAdministración del conocimiento _9495 |
|
| 856 | 4 | 0 | _uhttps://hdl.handle.net/20.500.12622/5958 |
| 902 | _aVíctor Ruiz/011025 | ||
| 942 |
_2lcc _cLIBRO-E |
||
| 999 |
_c214206 _d214206 |
||